<?xml version="1.0" encoding="UTF-8"?>
<record
    xmlns:xsi="http://www.w3.org/2001/XMLSchema-instance"
    xsi:schemaLocation="http://www.loc.gov/MARC21/slim http://www.loc.gov/standards/marcxml/schema/MARC21slim.xsd"
    xmlns="http://www.loc.gov/MARC21/slim">

  <leader>01144nam a2200313 i 4500</leader>
  <controlfield tag="001">132914</controlfield>
  <controlfield tag="003">ES-MaACL</controlfield>
  <controlfield tag="005">20260114132642.0</controlfield>
  <controlfield tag="007">t|</controlfield>
  <controlfield tag="008">070214s1923    sp           |||| | spa d</controlfield>
  <datafield tag="080" ind1=" " ind2=" ">
    <subfield code="a">821.134.2-34"19"</subfield>
  </datafield>
  <datafield tag="080" ind1=" " ind2=" ">
    <subfield code="a">913(460)</subfield>
  </datafield>
  <datafield tag="100" ind1="1" ind2=" ">
    <subfield code="a">Roso de Luna, Mario,</subfield>
    <subfield code="d">1872-1931</subfield>
    <subfield code="9">99794</subfield>
  </datafield>
  <datafield tag="245" ind1="1" ind2="0">
    <subfield code="a">Del &#xE1;rbol de las Hesp&#xE9;rides : </subfield>
    <subfield code="b">(cuentos teos&#xF3;ficos espa&#xF1;oles) /</subfield>
    <subfield code="c">Mario Roso de Luna.</subfield>
  </datafield>
  <datafield tag="260" ind1=" " ind2=" ">
    <subfield code="a">Madrid : </subfield>
    <subfield code="b">Pueyo, </subfield>
    <subfield code="c">1923.</subfield>
  </datafield>
  <datafield tag="300" ind1=" " ind2=" ">
    <subfield code="a">226 p. ; </subfield>
    <subfield code="c">24 cm.</subfield>
  </datafield>
  <datafield tag="490" ind1="1" ind2=" ">
    <subfield code="a">Biblioteca teos&#xF3;fica de las maravillas. Serie D ; </subfield>
    <subfield code="v">1</subfield>
  </datafield>
  <datafield tag="490" ind1="1" ind2=" ">
    <subfield code="a">Obras completas de Mario Roso de Luna ; </subfield>
    <subfield code="v">31</subfield>
  </datafield>
  <datafield tag="530" ind1=" " ind2=" ">
    <subfield code="a">Disponible en formato digital.</subfield>
  </datafield>
  <datafield tag="650" ind1=" " ind2="4">
    <subfield code="a">Leyendas-</subfield>
    <subfield code="z">Espa&#xF1;a.</subfield>
    <subfield code="9">14378</subfield>
  </datafield>
  <datafield tag="650" ind1=" " ind2="7">
    <subfield code="a">Teosof&#xED;a</subfield>
    <subfield code="2">embne</subfield>
    <subfield code="9">17478</subfield>
  </datafield>
  <datafield tag="651" ind1=" " ind2="4">
    <subfield code="a">Espa&#xF1;a-</subfield>
    <subfield code="x">Descripci&#xF3;n.</subfield>
    <subfield code="9">8184</subfield>
  </datafield>
  <datafield tag="830" ind1="1" ind2=" ">
    <subfield code="a">Biblioteca teos&#xF3;fica de las maravillas. Serie D ; </subfield>
    <subfield code="v">1</subfield>
    <subfield code="9">219680</subfield>
  </datafield>
  <datafield tag="830" ind1="1" ind2=" ">
    <subfield code="a">Obras completas de Mario Roso de Luna</subfield>
    <subfield code="v">31</subfield>
    <subfield code="9">186911</subfield>
  </datafield>
  <datafield tag="852" ind1=" " ind2=" ">
    <subfield code="a">ES-MaACL</subfield>
    <subfield code="j">C-4335</subfield>
    <subfield code="c">SPAL</subfield>
  </datafield>
  <datafield tag="856" ind1="4" ind2=" ">
    <subfield code="u">http://bdh-rd.bne.es/viewer.vm?id=0000074662&amp;page=1 </subfield>
    <subfield code="y">(Biblioteca Digital Hisp&#xE1;nica)</subfield>
  </datafield>
  <datafield tag="942" ind1=" " ind2=" ">
    <subfield code="2">udc</subfield>
  </datafield>
  <datafield tag="999" ind1=" " ind2=" ">
    <subfield code="c">132914</subfield>
    <subfield code="d">132914</subfield>
  </datafield>
  <datafield tag="952" ind1=" " ind2=" ">
    <subfield code="0">0</subfield>
    <subfield code="1">0</subfield>
    <subfield code="4">0</subfield>
    <subfield code="7">0</subfield>
    <subfield code="8">Colecci&#xF3;n_digital</subfield>
    <subfield code="a">ATENEOM</subfield>
    <subfield code="b">ATENEOM</subfield>
    <subfield code="c">SPAL</subfield>
    <subfield code="d">2008-01-17</subfield>
    <subfield code="e">SC</subfield>
    <subfield code="l">0</subfield>
    <subfield code="o">C-4335</subfield>
    <subfield code="p">1138369</subfield>
    <subfield code="r">2023-02-23 00:00:00</subfield>
    <subfield code="w">2023-02-23</subfield>
    <subfield code="y">MONOGRAFIA</subfield>
  </datafield>
</record>
